000 00804cam a22002291 4500
001 gs 26000296
003 DLC
005 20260227111330.0
008 780301r19261926xx 000 0 eng c
010 _ags 26000296
035 _a(OCoLC)3680827
040 _aLibrary, U.S. Geological Survey
_cOT
_dABAU
_dDLC
042 _apremarc
050 0 0 _aQE115
_b.A3 ser. no. VI. Pamph. no. LX
100 1 _aJillson, Willard Rouse,
_d1890-
245 0 4 _aThe clays of Kentucky,
_cby Willard Rouse Jillson.
260 _aFrankfort, Ky.,
_bKentucky Geological survey,
_c1926.
300 _a15 p.
_bfront., illus.
_c23 cm.
490 0 _aKentucky. Geological survey. Ser. VI. Phmphlet 9
500 _aReprinted with revisions and additions from the Ceramist, Trenton, N.J., Feb., 1926.
650 0 _aClay
_zKentucky.
999 _c26482
_d26482